[Event "63.Camp. Veneto Quarti di Finale"]
[Site "Arquà Petrarca ITA"]
[Date "2003.05.03"]
[Round "1.24"]
[White "Bettera, Roberto"]
[Black "Gatti, Paolo"]
[Result "1-0"]
[WhiteElo "1726"]
[BlackElo "1512"]
[Annotator "Gabriele Ballarin"]
[PlyCount "69"]
[EventDate "2003.05.03"]
[EventType "swiss"]
[EventRounds "6"]
[EventCountry "ITA"]

1. d4 e6 2. c4 Nf6 3. Nf3 b6 4. a3 Bb7 5. Nc3 d6 6. g3 g6 7. Bg2 Nbd7 8. O-O Bg7 9. Qc2 O-O 10. Bg5 h6 11. Bd2 Rb8 12. e4 e5 13. d5 c5 14. dxc6 Bxc6 15. Rad1 Nc5 16. Nh4 Qe7 17. b4 Ne6 18. Be3 b5 19. c5 dxc5 20. bxc5 Ng4 21. Nd5 Qb7 22. h3 Nxe3 23. fxe3 a5 24. Rb1 Qa7 25. Rfc1 Rfc8 26. Nb6 Rd8 27. Nf3 f6 28. Bf1 Bxe4 29. Qxe4 Nxc5 30. Rxc5 Rxb6 31. Rbxb5 f5 32. Qc4+ Kh7 33. Rc7 Rc6 34. Rxa7 Rxc4 35. Rbb7 1-0

[Event "63.Camp. Veneto Quarti di Finale"]
[Site "Arquà Petrarca ITA"]
[Date "2003.05.03"]
[Round "1.25"]
[White "Alessi, Giovanni"]
[Black "Trangoni, Bruno"]
[Result "0-1"]
[WhiteElo "1500"]
[BlackElo "1725"]
[Annotator "Gabriele Ballarin"]
[PlyCount "64"]
[EventDate "2003.05.03"]
[EventType "swiss"]
[EventRounds "6"]
[EventCountry "ITA"]

1. e4 e5 2. Nf3 Nc6 3. Bc4 Nf6 4. d3 Be7 5. Bd2 d6 6. h3 O-O 7. Nc3 a6 8. a3 h6 9. Qc1 Be6 10. Bxe6 fxe6 11. Bxh6 gxh6 12. Qxh6 Qe8 13. g4 Nd4 14. Nxd4 exd4 15. Ne2 e5 16. Ng3 Qf7 17. Nf5 d5 18. O-O-O Nh7 19. h4 dxe4 20. dxe4 Rfd8 21. g5 Bf8 22. Rhg1 Kh8 23. g6 Bxh6+ 24. Nxh6 Qf4+ 25. Kb1 Qxh6 26. h5 Nf6 27. f4 exf4 28. e5 Nxh5 29. e6 Ng3 30. e7 Re8 31. Rg2 Rxe7 32. Rxd4 Qh1+ 0-1

[Event "63.Camp. Veneto Quarti di Finale"]
[Site "Arquà Petrarca ITA"]
[Date "2003.05.03"]
[Round "1.26"]
[White "Zanirato, Stefano"]
[Black "Pilotto, Alessandro"]
[Result "0-1"]
[WhiteElo "1716"]
[BlackElo "1495"]
[Annotator "Gabriele Ballarin"]
[PlyCount "44"]
[EventDate "2003.05.03"]
[EventType "swiss"]
[EventRounds "6"]
[EventCountry "ITA"]

1. Nf3 Nf6 2. d3 d5 3. c3 Bg4 4. Nbd2 e6 5. Qc2 h6 6. e4 dxe4 7. dxe4 Be7 8. e5 Nfd7 9. Be2 a6 10. b4 Nc6 11. Qe4 Bf5 12. Qe3 Nb6 13. Nc4 Nd5 14. Qd2 Ncxb4 15. O-O Nc2 16. Rb1 Nce3 17. Rxb7 Nxf1 18. Bxf1 O-O 19. Nd4 Bg5 20. Qb2 Bxc1 21. Qxc1 Be4 22. f3 Nxc3 0-1

[Event "63.Camp. Veneto Quarti di Finale"]
[Site "Arquà Petrarca ITA"]
[Date "2003.05.03"]
[Round "1.28"]
[White "Negro, Raffaele"]
[Black "Zuccarello, Gianni"]
[Result "1-0"]
[WhiteElo "1696"]
[BlackElo "1459"]
[Annotator "Gabriele Ballarin"]
[PlyCount "79"]
[EventDate "2003.05.03"]
[EventType "swiss"]
[EventRounds "6"]
[EventCountry "ITA"]

1. Nf3 d5 2. g3 b6 3. Bg2 Bb7 4. O-O e6 5. d3 Nf6 6. Nbd2 c5 7. Re1 Qc7 8. e4 dxe4 9. dxe4 e5 10. Nc4 Nbd7 11. Nh4 Be7 12. Nf5 Bf8 13. Ncd6+ Bxd6 14. Nxd6+ Ke7 15. Nf5+ Kf8 16. f4 g6 17. Nd6 exf4 18. Bxf4 Qc6 19. Nxb7 Re8 20. e5 Qc8 21. Qd6+ Kg7 22. exf6+ Nxf6 23. Be5 Qe6 24. Bxf6+ Qxf6 25. Qxf6+ Kxf6 26. Rf1+ Kg7 27. Nd6 Re7 28. Rae1 Rxe1 29. Rxe1 Rf8 30. Bd5 f5 31. Re8 Rf6 32. Re6 Rf8 33. Ne8+ Kh6 34. Kf2 Kg5 35. Kf3 h5 36. h4+ Kh6 37. Kf4 Rf7 38. Rxb6 Re7 39. Re6 Rd7 40. c4 1-0

[Event "63.Camp. Veneto Quarti di Finale"]
[Site "Arquà Petrarca ITA"]
[Date "2003.05.03"]
[Round "1.29"]
[White "De Vries, Bernhard"]
[Black "Maniero, Riccardo"]
[Result "1/2-1/2"]
[WhiteElo "1434"]
[BlackElo "1696"]
[Annotator "Gabriele Ballarin"]
[PlyCount "86"]
[EventDate "2003.05.03"]
[EventType "swiss"]
[EventRounds "6"]
[EventCountry "ITA"]

1. d4 Nf6 2. c4 c5 3. d5 b5 4. b3 d6 5. Nf3 Bb7 6. Nbd2 bxc4 7. bxc4 Nbd7 8. e4 e6 9. Bd3 Be7 10. O-O O-O 11. Bb2 Ng4 12. h3 Bf6 13. hxg4 Bxb2 14. Rb1 Bc3 15. Rxb7 Nb6 16. Qc2 Bxd2 17. Nxd2 Qc8 18. Rxb6 axb6 19. e5 g6 20. exd6 exd5 21. cxd5 Re8 22. Ne4 Qd8 23. g5 Rxe4 24. Bxe4 Qxd6 25. f4 b5 26. Rf2 Ra4 27. g3 Rc4 28. Qb1 Rd4 29. Bg2 b4 30. Re2 c4 31. Re8+ Kg7 32. Re1 c3 33. Re2 Qc5 34. Kh2 Qc4 35. Rc2 Qd3 36. Qc1 Qf5 37. a4 Qd7 38. a5 Qa4 39. Qe3 Rd1 40. Qe5+ Kg8 41. Be4 Rd2+ 42. Kh3 Rxc2 43. Bxc2 Qxc2 1/2-1/2

[Event "63.Camp. Veneto Quarti di Finale"]
[Site "Arquà Petrarca ITA"]
[Date "2003.05.03"]
[Round "1.31"]
[White "Lo Duca, Massimiliano"]
[Black "Marson, Luca"]
[Result "0-1"]
[WhiteElo "1300"]
[BlackElo "1690"]
[Annotator "Gabriele Ballarin"]
[PlyCount "124"]
[EventDate "2003.05.03"]
[EventType "swiss"]
[EventRounds "6"]
[EventCountry "ITA"]

1. e4 c5 2. Nf3 Nc6 3. d4 cxd4 4. Nxd4 e6 5. Be2 Nf6 6. Bg5 Qb6 7. Bxf6 gxf6 8. Nb3 Qc7 9. Qd2 b6 10. Nc3 a6 11. Qe3 Bb7 12. Na4 Nb4 13. Bd3 Nxc2+ 14. Bxc2 Qxc2 15. O-O Qxe4 16. Qxe4 Bxe4 17. Nxb6 Rb8 18. Nc4 Rg8 19. f3 Bd3 20. Rfc1 Bh6 21. Rc3 Bxc4 22. Rxc4 Ke7 23. f4 Rbc8 24. Rac1 Rxc4 25. Rxc4 Rb8 26. g3 f5 27. Rc2 Bg7 28. Re2 d5 29. Kf1 Rc8 30. Ke1 Kd6 31. Kd1 Bf6 32. Na5 Rc7 33. Rc2 Rxc2 34. Kxc2 Bd4 35. b4 Bg1 36. h3 h5 37. Kd3 Bh2 38. Nb7+ Kc7 39. Nc5 Bxg3 40. a4 Bxf4 41. Nxa6+ Kb6 42. Nc5 Bd6 43. Nd7+ Kc7 44. Nf6 Bxb4 45. Nxh5 Be7 46. Kd4 Kb6 47. Ke5 Ka5 48. Nf4 Kxa4 49. Nxd5 exd5 50. Kxd5 f4 51. Ke4 Bg5 52. h4 Bxh4 53. Kxf4 f6 54. Ke4 Kb4 55. Kf5 Kc4 56. Ke4 Kc3 57. Ke3 Bg5+ 58. Kf3 Kd2 59. Kg4 Ke1 60. Kf3 Kf1 61. Kg4 Kf2 62. Kf5 Kf3 0-1

[Event "63.Camp. Veneto Quarti di Finale"]
[Site "Arquà Petrarca ITA"]
[Date "2003.05.03"]
[Round "1.32"]
[White "Calicchia, Giovanni"]
[Black "Mingardi, Alessandro"]
[Result "1-0"]
[WhiteElo "1690"]
[BlackElo "1300"]
[Annotator "Gabriele Ballarin"]
[PlyCount "79"]
[EventDate "2003.05.03"]
[EventType "swiss"]
[EventRounds "6"]
[EventCountry "ITA"]

1. e4 e6 2. d4 d5 3. Nc3 Bb4 4. e5 Ne7 5. a3 Ba5 6. b4 Bb6 7. Na4 Bd7 8. Nxb6 axb6 9. Bd3 Ba4 10. Qg4 O-O 11. Nf3 Ng6 12. h4 f5 13. exf6 Qxf6 14. O-O Bd7 15. Bxg6 hxg6 16. Ne5 Bb5 17. Nxg6 Nc6 18. Nxf8 Rxf8 19. Bg5 Qf7 20. Rfe1 Qxf2+ 21. Kh1 Nxd4 22. Be3 Qf6 23. Bxd4 Qh6 24. Qxe6+ Qxe6 25. Rxe6 Rf4 26. c3 Rxh4+ 27. Kg1 Bd3 28. Re7 c5 29. bxc5 bxc5 30. Bxc5 Rg4 31. Rxb7 Be4 32. Ra2 d4 33. Rb8+ Kh7 34. Bxd4 Kg6 35. a4 Kf5 36. Rf2+ Ke6 37. a5 Kd7 38. a6 Kc7 39. a7 g6 40. a8=Q 1-0

[Event "63.Camp. Veneto Quarti di Finale"]
[Site "Arquà Petrarca ITA"]
[Date "2003.05.03"]
[Round "1.34"]
[White "Tonolo, Maurizio"]
[Black "Tencheni, Maurizio"]
[Result "1-0"]
[WhiteElo "1687"]
[BlackElo "1300"]
[Annotator "Gabriele Ballarin"]
[PlyCount "67"]
[EventDate "2003.05.03"]
[EventType "swiss"]
[EventRounds "6"]
[EventCountry "ITA"]

1. d4 e6 2. c4 Nf6 3. Nc3 c5 4. d5 exd5 5. cxd5 d6 6. e4 g6 7. h3 Bg7 8. Bd3 O-O 9. Nf3 Re8 10. O-O Na6 11. Re1 Nc7 12. Bf4 a6 13. a4 b6 14. Nd2 Qd7 15. Nc4 Re7 16. Nxb6 Qd8 17. Nxa8 Nxa8 18. a5 Nc7 19. Qb3 Nd7 20. Bxd6 Re8 21. Na4 Bd4 22. Bg3 Ne5 23. Bxe5 Rxe5 24. Bf1 Bd7 25. Nb6 Bb5 26. Bxb5 Nxb5 27. Nc4 Rg5 28. Qf3 h5 29. Re2 Nd6 30. Nxd6 Qxd6 31. Kh1 Re5 32. Qb3 Rg5 33. Rf1 Qf4 34. g3 1-0

[Event "63.Camp. Veneto Quarti di Finale"]
[Site "Arquà Petrarca ITA"]
[Date "2003.05.04"]
[Round "2.1"]
[White "Genocchio, Daniele"]
[Black "Ribon, Andrea"]
[Result "1-0"]
[WhiteElo "2352"]
[BlackElo "1791"]
[Annotator "Gabriele Ballarin"]
[PlyCount "87"]
[EventDate "2003.05.03"]
[EventType "swiss"]
[EventRounds "6"]
[EventCountry "ITA"]

1. e4 c5 2. Nf3 Nc6 3. d4 cxd4 4. Nxd4 e6 5. Nb5 d6 6. c4 Nf6 7. N1c3 a6 8. Na3 Be7 9. Be2 O-O 10. O-O Qc7 11. Be3 b6 12. Rc1 Bb7 13. Nd5 exd5 14. cxd5 b5 15. Bf3 Nd7 16. dxc6 Bxc6 17. Nc2 Qb7 18. Nb4 Rac8 19. Nxc6 Rxc6 20. Rxc6 Qxc6 21. Qc1 Rc8 22. Qxc6 Rxc6 23. e5 Rc7 24. exd6 Bxd6 25. Rd1 Be7 26. Bf4 Ra7 27. Bc6 g5 28. Bg3 f5 29. f4 gxf4 30. Bf2 Nc5 31. Rd5 Rc7 32. Bxc5 Rxc6 33. Bxe7 f3 34. Kf2 Rc2+ 35. Kxf3 Rxb2 36. Bf6 Rxa2 37. Rd7 b4 38. Rg7+ Kf8 39. Rxh7 a5 40. Rb7 Ke8 41. h4 Ra3+ 42. Kf4 b3 43. Kxf5 a4 44. g4 1-0

[Event "63.Camp. Veneto Quarti di Finale"]
[Site "Arquà Petrarca ITA"]
[Date "2003.05.04"]
[Round "2.2"]
[White "Guclu, Yaman"]
[Black "Cacco, Christian"]
[Result "1/2-1/2"]
[WhiteElo "1771"]
[BlackElo "2312"]
[Annotator "Gabriele Ballarin"]
[PlyCount "31"]
[EventDate "2003.05.03"]
[EventType "swiss"]
[EventRounds "6"]
[EventCountry "ITA"]

1. e4 c5 2. Nf3 Nc6 3. d4 cxd4 4. Nxd4 Nf6 5. Nc3 e5 6. Ndb5 d6 7. Bg5 a6 8. Na3 b5 9. Bxf6 gxf6 10. Nd5 Bg7 11. Bd3 O-O 12. O-O f5 13. exf5 Qg5 14. c3 Bxf5 15. Bxf5 Qxf5 16. Nc2 1/2-1/2

[Event "63.Camp. Veneto Quarti di Finale"]
[Site "Arquà Petrarca ITA"]
[Date "2003.05.04"]
[Round "2.3"]
[White "Lain, Luigi"]
[Black "Bettera, Roberto"]
[Result "1-0"]
[WhiteElo "2256"]
[BlackElo "1726"]
[Annotator "Gabriele Ballarin"]
[PlyCount "69"]
[EventDate "2003.05.03"]
[EventType "swiss"]
[EventRounds "6"]
[EventCountry "ITA"]

1. d4 Nf6 2. c4 e6 3. Nc3 c5 4. d5 exd5 5. cxd5 d6 6. e4 g6 7. f4 Bg7 8. Nf3 O-O 9. Bd3 Re8 10. O-O c4 11. Bc2 b5 12. e5 Ng4 13. h3 Nh6 14. Nxb5 Qb6+ 15. Kh2 dxe5 16. fxe5 Nf5 17. Re1 Ba6 18. Nc3 Nd7 19. Ba4 Nxe5 20. Bxe8 Qd6 21. Bf4 Rxe8 22. Nxe5 Bxe5 23. Bxe5 Rxe5 24. Rxe5 Qxe5+ 25. Kg1 Qe3+ 26. Kh1 Bc8 27. Qe1 Qf4 28. Qe8+ Kg7 29. Qxc8 g5 30. Ne2 Qf2 31. Rg1 Ne3 32. d6 g4 33. d7 gxh3 34. gxh3+ Kh6 35. Qc6+ 1-0

[Event "63.Camp. Veneto Quarti di Finale"]
[Site "Arquà Petrarca ITA"]
[Date "2003.05.04"]
[Round "2.4"]
[White "Trangoni, Bruno"]
[Black "Rossato, Armando"]
[Result "0-1"]
[WhiteElo "1725"]
[BlackElo "2192"]
[Annotator "Gabriele Ballarin"]
[PlyCount "55"]
[EventDate "2003.05.03"]
[EventType "swiss"]
[EventRounds "6"]
[EventCountry "ITA"]

1. f4 g6 2. Nf3 d6 3. e3 Bg7 4. Be2 c6 5. c4 Qb6 6. Nc3 h5 7. Qc2 Nh6 8. d4 Bf5 9. Qa4 Nd7 10. Qa3 O-O 11. Bd2 Rfe8 12. h3 Nf6 13. O-O Rad8 14. Rfe1 e5 15. Nd5 cxd5 16. Ba5 Qc6 17. cxd5 Qd7 18. Bxd8 Rxd8 19. dxe5 Ne4 20. Red1 dxe5 21. Bc4 {Nur} Be6 22. Qxa7 Bf8 23. Qa5 Bc5 24. Qe1 Nf5 25. Nd4 Neg3 26. Kh2 Bxd4 27. Rxd4 Nxd4 28. exd4 0-1

[Event "63.Camp. Veneto Quarti di Finale"]
[Site "Arquà Petrarca ITA"]
[Date "2003.05.04"]
[Round "2.5"]
[White "Giuriati, Paolo"]
[Black "Negro, Raffaele"]
[Result "1-0"]
[WhiteElo "2160"]
[BlackElo "1696"]
[Annotator "Gabriele Ballarin"]
[PlyCount "63"]
[EventDate "2003.05.03"]
[EventType "swiss"]
[EventRounds "6"]
[EventCountry "ITA"]

1. d4 g6 2. Nf3 Nf6 3. Bf4 Bg7 4. e3 O-O 5. Be2 d6 6. h3 Nbd7 7. O-O c5 8. c3 a6 9. a4 b6 10. Nbd2 Bb7 11. Qb1 Qc7 12. Bh2 e5 13. dxe5 dxe5 14. Nc4 Nd5 15. Rd1 f5 16. Qa2 Kh8 17. Ncxe5 Nxe5 18. Rxd5 Nxf3+ 19. Bxf3 Qf7 20. Rd6 Bxf3 21. Qxf7 Rxf7 22. gxf3 Rb7 23. Rad1 Kg8 24. Rd8+ Rxd8 25. Rxd8+ Kf7 26. Ra8 a5 27. Rb8 Rxb8 28. Bxb8 b5 29. axb5 Bxc3 30. bxc3 a4 31. c4 Ke6 32. f4 1-0

[Event "63.Camp. Veneto Quarti di Finale"]
[Site "Arquà Petrarca ITA"]
[Date "2003.05.04"]
[Round "2.6"]
[White "Marson, Luca"]
[Black "Navarro, Emanuele"]
[Result "0-1"]
[WhiteElo "1690"]
[BlackElo "2145"]
[Annotator "Gabriele Ballarin"]
[PlyCount "93"]
[EventDate "2003.05.03"]
[EventType "swiss"]
[EventRounds "6"]
[EventCountry "ITA"]

1. e4 d6 2. d4 Nf6 3. Nc3 g6 4. f4 Bg7 5. Nf3 c5 6. Bb5+ Bd7 7. e5 Ng4 8. e6 Bxb5 9. exf7+ Kd7 10. Nxb5 Qa5+ 11. Nc3 cxd4 12. Nxd4 Bxd4 13. Qxd4 Nc6 14. Qe4 Raf8 15. h3 Nf6 16. Qc4 d5 17. Qb5 Qxb5 18. Nxb5 a6 19. Na3 Rxf7 20. Be3 Kc7 21. O-O-O Rd8 22. c3 Nh5 23. Rhf1 Ng3 24. Rfe1 Nf5 25. Bg1 d4 26. Nc4 b5 27. Ne5 Nxe5 28. fxe5 d3 29. e6 Rf6 30. g4 Nh4 31. Bd4 Rf3 32. Re3 Rxe3 33. Bxe3 Nf3 34. Bc5 d2+ 35. Kc2 Rd5 36. Be3 Kd6 37. Bxd2 Kxe6 38. Bf4 Rxd1 39. Kxd1 Kd5 40. Bh6 Ke4 41. b3 Kd3 42. Bg7 e5 43. c4 bxc4 44. bxc4 Kxc4 45. Ke2 Ng1+ 46. Ke3 Nxh3 47. Bxe5 0-1

[Event "63.Camp. Veneto Quarti di Finale"]
[Site "Arquà Petrarca ITA"]
[Date "2003.05.04"]
[Round "2.7"]
[White "Fregonese, Giulio"]
[Black "Gomez de Ayala, Paolo"]
[Result "1-0"]
[WhiteElo "2136"]
[BlackElo "1692"]
[Annotator "Gabriele Ballarin"]
[PlyCount "63"]
[EventDate "2003.05.03"]
[EventType "swiss"]
[EventRounds "6"]
[EventCountry "ITA"]

1. e4 d6 2. d4 Nf6 3. Nc3 g6 4. f3 Bg7 5. Be3 O-O 6. Qd2 Re8 7. h4 h5 8. Bc4 c6 9. a4 Qa5 10. Rb1 Na6 11. Nge2 e5 12. O-O c5 13. dxc5 dxc5 14. Bh6 Bh8 15. Qg5 Be6 16. Bb5 Red8 17. f4 Ng4 18. f5 Bf6 19. Qc1 gxf5 20. exf5 Bd5 21. Bg5 Qb6 22. a5 Qd6 23. Nxd5 Qxd5 24. Bxf6 Nxf6 25. Qg5+ Kh7 26. Qxf6 Rg8 27. Rf2 Rg7 28. Nc3 Qd4 29. Rd1 Rxg2+ 30. Kxg2 Rg8+ 31. Kf1 Qg4 32. Rd6 1-0

[Event "63.Camp. Veneto Quarti di Finale"]
[Site "Arquà Petrarca ITA"]
[Date "2003.05.04"]
[Round "2.8"]
[White "Tonus, Alex"]
[Black "Danieli, Enrico"]
[Result "0-1"]
[WhiteElo "1689"]
[BlackElo "2120"]
[Annotator "Gabriele Ballarin"]
[PlyCount "60"]
[EventDate "2003.05.03"]
[EventType "swiss"]
[EventRounds "6"]
[EventCountry "ITA"]

1. e4 c6 2. Nc3 d5 3. Nf3 dxe4 4. Nxe4 Nf6 5. Nxf6+ exf6 6. Be2 Bd6 7. O-O O-O 8. d4 Nd7 9. c4 c5 10. d5 Ne5 11. Re1 Qc7 12. h3 Bd7 13. Rb1 Bf5 14. Ra1 Rae8 15. Bd2 Re7 16. Nh4 Bd7 17. Bc3 Rfe8 18. Qc2 Qc8 19. Nf3 Bxh3 20. Nxe5 Bxe5 21. Bf3 Bg4 22. Rxe5 fxe5 23. d6 Bxf3 24. gxf3 Re6 25. Rd1 Rd8 26. Qe4 Qc6 27. Rd5 Rdxd6 28. Rxd6 Qxd6 29. Qxb7 Qd1+ 30. Kg2 Rg6+ 0-1

[Event "63.Camp. Veneto Quarti di Finale"]
[Site "Arquà Petrarca ITA"]
[Date "2003.05.04"]
[Round "2.9"]
[White "Pechy, Alaster"]
[Black "Calicchia, Giovanni"]
[Result "1-0"]
[WhiteElo "2115"]
[BlackElo "1690"]
[Annotator "Gabriele Ballarin"]
[PlyCount "91"]
[EventDate "2003.05.03"]
[EventType "swiss"]
[EventRounds "6"]
[EventCountry "ITA"]

1. d4 Nf6 2. c4 g6 3. Nc3 Bg7 4. e4 d6 5. f3 O-O 6. Be3 e5 7. Nge2 Nc6 8. d5 Ne7 9. Qd2 c6 10. O-O-O cxd5 11. cxd5 a6 12. g4 Bd7 13. Ng3 Rc8 14. Kb1 b5 15. Rc1 b4 16. Nce2 Rxc1+ 17. Nxc1 a5 18. h4 Qb8 19. h5 Rc8 20. g5 Ne8 21. Bd3 Bb5 22. Nce2 Nc7 23. Rc1 Bxd3+ 24. Qxd3 Nb5 25. h6 Rxc1+ 26. Nxc1 Bh8 27. Nf1 f5 28. Nd2 f4 29. Bf2 Nd4 30. Ncb3 Nxb3 31. Nxb3 a4 32. Na5 Qc7 33. Qb5 Kf7 34. Qxb4 Nxd5 35. exd5 e4 36. fxe4 Be5 37. Nc4 Qe7 38. Nxe5+ Qxe5 39. Qb7+ Ke8 40. Qc8+ Kf7 41. Qe6+ Qxe6 42. dxe6+ Kxe6 43. Kc2 d5 44. Kd3 f3 45. Ke3 Ke5 46. Bg3+ 1-0

[Event "63.Camp. Veneto Quarti di Finale"]
[Site "Arquà Petrarca ITA"]
[Date "2003.05.04"]
[Round "2.10"]
[White "Gallo, Carlo"]
[Black "Navarro, Stefano"]
[Result "0-1"]
[WhiteElo "1678"]
[BlackElo "2115"]
[Annotator "Gabriele Ballarin"]
[PlyCount "48"]
[EventDate "2003.05.03"]
[EventType "swiss"]
[EventRounds "6"]
[EventCountry "ITA"]

1. c4 e5 2. Nc3 d6 3. Nf3 f5 4. d3 Nf6 5. Bg5 Be7 6. g3 O-O 7. Bg2 c6 8. O-O Nbd7 9. a3 h6 10. Bd2 Qe8 11. Nh4 Nh7 12. Nf3 Qh5 13. e4 f4 14. b4 Ndf6 15. Nh4 Bg4 16. Bf3 Ng5 17. Bxg4 Nxg4 18. h3 Nxh3+ 19. Kg2 Bxh4 20. f3 Ngf2 21. g4 Qg5 22. Qe2 h5 23. Be1 hxg4 24. Bxf2 Nxf2 0-1

[Event "63.Camp. Veneto Quarti di Finale"]
[Site "Arquà Petrarca ITA"]
[Date "2003.05.04"]
[Round "2.11"]
[White "Solinas, Carlo"]
[Black "Tonolo, Maurizio"]
[Result "1-0"]
[WhiteElo "2089"]
[BlackElo "1687"]
[Annotator "Gabriele Ballarin"]
[PlyCount "86"]
[EventDate "2003.05.03"]
[EventType "swiss"]
[EventRounds "6"]
[EventCountry "ITA"]

1. e4 e6 2. d4 d5 3. Nc3 Nf6 4. e5 Nfd7 5. Qh5 c5 6. Nf3 g6 7. Qg4 cxd4 8. Bg5 Be7 9. Bxe7 Qxe7 10. Nb5 Kd8 11. O-O-O Nc6 12. Qf4 f6 13. exf6 Nxf6 14. Ne5 Rf8 15. Nxd4 Nxe5 16. Qxe5 Ng4 17. Qg3 Nxf2 18. Be2 Nxh1 19. Rxh1 a6 20. Rd1 Bd7 21. Qe5 Qf6 22. Qd6 Qf4+ 23. Qxf4 Rxf4 24. Nf3 Ke7 25. Ne5 Bb5 26. Bf3 Rc8 27. b3 a5 28. Re1 Kd6 29. Kb2 a4 30. c3 a3+ 31. Kc2 Be8 32. Nd3 Rf8 33. Kd2 e5 34. Nxe5 Bc6 35. Nd3 Rce8 36. Rf1 Bb5 37. Rc1 Bxd3 38. Kxd3 Re5 39. Rd1 Rfe8 40. Rd2 b5 41. Kc2 Kc5 42. b4+ Kd6 43. Kb3 Rc8 1-0

[Event "63.Camp. Veneto Quarti di Finale"]
[Site "Arquà Petrarca ITA"]
[Date "2003.05.04"]
[Round "2.12"]
[White "Bdair, Bilal"]
[Black "Giuriato, Sergio"]
[Result "0-1"]
[WhiteElo "1600"]
[BlackElo "2023"]
[Annotator "Gabriele Ballarin"]
[PlyCount "64"]
[EventDate "2003.05.03"]
[EventType "swiss"]
[EventRounds "6"]
[EventCountry "ITA"]

1. d4 Nf6 2. c4 e6 3. Nc3 Bb4 4. f3 c5 5. d5 O-O 6. e4 Nh5 7. Nh3 f5 8. f4 Nf6 9. e5 Ne4 10. Bd2 Bxc3 11. bxc3 d6 12. Qb3 b6 13. O-O-O Qc7 14. Bd3 dxe5 15. fxe5 Qxe5 16. Rde1 Ba6 17. Nf2 Nxf2 18. Rxe5 Nxd3+ 19. Kd1 Nxe5 20. Re1 Bxc4 21. Qc2 Bd3 22. Qb3 c4 23. Qb5 Be4 24. dxe6 Nbc6 25. e7 Rfe8 26. Bf4 Rxe7 27. Rxe4 Rd8+ 28. Rd4 Nxd4 29. cxd4 Rxd4+ 30. Bd2 c3 31. Qb3+ Nf7 32. Qxc3 Red7 0-1

[Event "63.Camp. Veneto Quarti di Finale"]
[Site "Arquà Petrarca ITA"]
[Date "2003.05.04"]
[Round "2.13"]
[White "Pilotto, Alessandro"]
[Black "Tiengo, Davide"]
[Result "0-1"]
[WhiteElo "1495"]
[BlackElo "1958"]
[Annotator "Gabriele Ballarin"]
[PlyCount "59"]
[EventDate "2003.05.03"]
[EventType "swiss"]
[EventRounds "6"]
[EventCountry "ITA"]

1. d4 Nf6 2. Nf3 g6 3. h3 Bg7 4. Bf4 c5 5. e3 O-O 6. c3 Qb6 7. Qb3 Nc6 8. Be2 d6 9. Nbd2 Qxb3 10. axb3 a6 11. O-O cxd4 12. exd4 e5 13. dxe5 dxe5 14. Be3 Nd5 15. Bc5 Nf4 16. Bc4 Re8 17. Ne4 Be6 18. Rad1 Na5 19. Nd6 Nxc4 20. bxc4 Rec8 21. Nxc8 Rxc8 22. Bd6 Bxc4 23. Rfe1 Nd3 24. Re2 f6 25. Red2 Rd8 26. Ba3 b5 27. Nd4 f5 28. b3 Bf7 29. Be7 Rd7 30. Bg5 {Nur} 0-1

[Event "63.Camp. Veneto Quarti di Finale"]
[Site "Arquà Petrarca ITA"]
[Date "2003.05.04"]
[Round "2.16"]
[White "Valentini, Luca"]
[Black "Lanzetta, Alberto"]
[Result "1-0"]
[WhiteElo "1800"]
[BlackElo "1494"]
[Annotator "Gabriele Ballarin"]
[PlyCount "89"]
[EventDate "2003.05.03"]
[EventType "swiss"]
[EventRounds "6"]
[EventCountry "ITA"]

1. e4 e6 2. d4 d5 3. Nc3 Nf6 4. Bg5 Be7 5. e5 Nfd7 6. Bxe7 Qxe7 7. f4 Qb4 8. Qd2 c5 9. a3 Qb6 10. Nf3 a6 11. dxc5 Nxc5 12. Bd3 Nc6 13. O-O-O d4 14. Ne4 Na4 15. b3 Nc5 16. Nd6+ Ke7 17. Bc4 Qc7 18. Nxd4 Nxd4 19. Qxd4 b5 20. b4 Na4 21. Bb3 Nc3 22. Rd2 a5 23. Kb2 Na4+ 24. Bxa4 bxa4 25. b5 Rd8 26. Rhd1 Bb7 27. Qc4 Qb6 28. Nxb7 Qxb7 29. Qc5+ Ke8 30. Rxd8+ Rxd8 31. Rxd8+ Kxd8 32. Qf8+ Kc7 33. Qxf7+ Kb6 34. Qxb7+ Kxb7 35. Kc3 Kc7 36. Kd4 Kb6 37. Kc4 Kc7 38. Kc5 Kb7 39. b6 Kc8 40. Kc6 Kb8 41. b7 h6 42. c3 g5 43. fxg5 hxg5 44. g4 Ka7 45. Kc7 1-0

[Event "63.Camp. Veneto Quarti di Finale"]
[Site "Arquà Petrarca ITA"]
[Date "2003.05.04"]
[Round "2.17"]
[White "Roberti, Ignazio"]
[Black "Battiston, Gianfranco"]
[Result "1-0"]
[WhiteElo "2001"]
[BlackElo "1564"]
[Annotator "Gabriele Ballarin"]
[PlyCount "72"]
[EventDate "2003.05.03"]
[EventType "swiss"]
[EventRounds "6"]
[EventCountry "ITA"]

1. e4 e5 2. f4 d6 3. Nf3 Bg4 4. Bc4 Bxf3 5. Qxf3 Nf6 6. d3 Nc6 7. a4 Nd4 8. Qd1 Be7 9. c3 Nc6 10. f5 d5 11. exd5 Nxd5 12. Qf3 Nf6 13. g4 h6 14. Na3 a6 15. Nc2 Qd7 16. b4 Rd8 17. Ba3 e4 18. Qd1 Ne5 19. Nd4 Nfxg4 20. Qe2 Bh4+ 21. Kd2 Nxc4+ 22. dxc4 e3+ 23. Kc2 Qxa4+ 24. Kb2 Ne5 25. Qxe3 Bf6 26. Nf3 O-O 27. Nxe5 Bxe5 28. Rhd1 Bf6 29. Rd5 Rde8 30. Qf3 Qc6 31. Kb3 b5 32. c5 Qb7 33. Rad1 Re5 34. Qd3 Kh7 35. Rxe5 Bxe5 36. f6+ Kg8 1-0

[Event "63.Camp. Veneto Quarti di Finale"]
[Site "Arquà Petrarca ITA"]
[Date "2003.05.04"]
[Round "2.18"]
[White "Maniero, Riccardo"]
[Black "Rossi, Damiano"]
[Result "0-1"]
[WhiteElo "1696"]
[BlackElo "1849"]
[Annotator "Gabriele Ballarin"]
[PlyCount "92"]
[EventDate "2003.05.03"]
[EventType "swiss"]
[EventRounds "6"]
[EventCountry "ITA"]

1. e4 e6 2. d4 d5 3. Nc3 Bb4 4. e5 c5 5. a3 cxd4 6. axb4 dxc3 7. Qg4 Kf8 8. bxc3 Qc7 9. Qg3 Ne7 10. f4 a6 11. Bd2 Nd7 12. Bd3 Nb6 13. Ne2 Nc4 14. Bxc4 Qxc4 15. Qd3 b5 16. Nd4 Bb7 17. O-O g6 18. Nb3 Qc7 19. Ra2 Kg7 20. Rfa1 Rhc8 21. Nc5 Qc6 22. g4 Rc7 23. Qh3 Rcc8 24. f5 exf5 25. Nxb7 Qxb7 26. Bg5 Ng8 27. gxf5 gxf5 28. Rf1 Qb6+ 29. Be3 Rxc3 30. Rf3 d4 31. Bf2 Qg6+ 32. Kf1 Qe6 33. Ra3 Rxa3 34. Rxa3 Ne7 35. Bxd4 Ng6 {=} 36. Rd3 Rc8 37. c3 Kh8 38. Rf3 f4 39. Qg2 Nh4 40. Qh3 Nxf3 41. Qxf3 Qc4+ 42. Kf2 Qa2+ 43. Kg1 Qb1+ 44. Kf2 Qc2+ 45. Kf1 Qf5 46. e6+ f6 0-1

[Event "63.Camp. Veneto Quarti di Finale"]
[Site "Arquà Petrarca ITA"]
[Date "2003.05.04"]
[Round "2.19"]
[White "Renier, Renzo"]
[Black "De Vries, Bernhard"]
[Result "1-0"]
[WhiteElo "1845"]
[BlackElo "1434"]
[Annotator "Gabriele Ballarin"]
[PlyCount "51"]
[EventDate "2003.05.03"]
[EventType "swiss"]
[EventRounds "6"]
[EventCountry "ITA"]

1. e4 c5 2. Nf3 d6 3. d4 cxd4 4. Nxd4 Nf6 5. Nc3 Nc6 6. Bc4 e6 7. Bb3 Be7 8. Be3 a6 9. Qe2 Qc7 10. O-O-O b5 11. f3 Na5 12. Kb1 Nxb3 13. cxb3 Bd7 14. Rc1 Qb7 15. g4 h6 16. h4 b4 17. Na4 Bxa4 18. bxa4 Rc8 19. Rxc8+ Qxc8 20. Rc1 Qb7 21. Nc6 Nd7 22. Qc4 Bxh4 23. Na5 Qa8 24. Qc8+ Qxc8 25. Rxc8+ Bd8 26. Nc6 1-0